000 00581nam a22002177a 4500
003 UA-OsUOA
001 93192
007 ta
008 20130116b un ||||| |||| 00| 0 ukr d
090 _a821.161.1
_bГ39
942 _cBK
040 _aUA-OsUOA
_brus
_cUA-OsUOA
_dUA-OsUOA
245 _aГерои подполья
_cСост. Быстров В.
300 _a574 с.
955 _a2
041 _arus
080 _a821.161.1
260 _aМ.
_bПолитиздат
_c1966
650 7 _a82 Література. Літературознавство
_2UDC
999 _c379336
_d379336